[Event "December is Latin for Choclate for Breakfast Month"]
[Site "SchemingMind.com"]
[Date "2022.12.07"]
[Round "-"]
[White "cnile"]
[Black "malcolm chugg"]
[Result "0-1"]
[WhiteCountry "SCO"]
[BlackCountry "WLS"]
[WhiteElo "1274"]
[WhiteRD "78"]
[BlackElo "1194"]
[BlackRD "51"]
[GameID "729054"]

1. e4 e5 2. Nc3 Bb4 3. Nd5 Bc5 4. Nf3 Nc6 5. Bc4 a6 6. O-O b5 7. d3 bxc4 8. Bd2 Nf6 9. dxc4 O-O 10. Re1 Rb8
11. b3 Bb7 12. a3 Nd4 13. Nxe5 Nxd5 14. cxd5 Qe8 15. Bf4 f6 16. Nd3 Bd6 17. Bxd6 cxd6 18. c3 Nb5 19. Qd2 Rc8 20. c4 Na7
21. Nf4 Qe5 22. Re3 Qxa1+ 23. Re1 Qe5
0-1

[Event "December is Latin for Choclate for Breakfast Month"]
[Site "SchemingMind.com"]
[Date "2022.12.10"]
[Round "-"]
[White "malcolm chugg"]
[Black "cnile"]
[Result "1-0"]
[WhiteCountry "WLS"]
[BlackCountry "SCO"]
[WhiteElo "1200"]
[WhiteRD "51"]
[BlackElo "1296"]
[BlackRD "63"]
[GameID "729055"]

1. e3 e5 2. Nf3 e4 3. Nd4 Nf6 4. Be2 d5 5. Bh5 c5 6. Nb3 Bd6 7. d4 Nbd7 8. Qe2 cxd4 9. exd4 Qc7 10. Kd1 O-O
11. N1d2 Re8 12. g3 Nf8 13. Nf1 Bd7 14. h3 Rac8 15. Ne3 Nxh5 16. Bd2 Nf6 17. g4 b6 18. c3 Ne6 19. h4 Nxd4 20. Nxd4 Bf4
21. Ndc2 Bxe3 22. Nxe3 Qe5 23. Bc1 Be6 24. g5 Nd7 25. Bd2 g6 26. Ng4 Bxg4 27. Qxg4 Nf8 28. Re1 Qd6 29. Bf4 Qxf4 30. Qxf4
1-0

[Event "December is Latin for Choclate for Breakfast Month"]
[Site "SchemingMind.com"]
[Date "2022.12.18"]
[Round "-"]
[White "cnile"]
[Black "abuteague"]
[Result "0-1"]
[WhiteCountry "SCO"]
[BlackCountry "USA"]
[WhiteElo "1296"]
[WhiteRD "63"]
[BlackElo "1693"]
[BlackRD "77"]
[GameID "729345"]

1. d4 a6 2. Nf3 Nf6 3. c4 e6 4. Nc3 Bb4 5. Bg5 O-O 6. e3 h6 7. Bh4 d6 8. Bd3 Nbd7 9. O-O c6 10. Rc1 b5
11. a3 Bxc3 12. Rxc3 Bb7 13. cxb5 cxb5 14. Qe2 Rc8 15. Rfc1 Rxc3 16. Rxc3 Qa8 17. e4 Nxe4 18. h3 Nxc3 19. bxc3 Bxf3 20. Qxf3 Qxf3
21. gxf3 Rc8 22. Bg3 Rxc3 23. Be4 d5
0-1

[Event "December is Latin for Choclate for Breakfast Month"]
[Site "SchemingMind.com"]
[Date "2022.12.16"]
[Round "-"]
[White "abuteague"]
[Black "cnile"]
[Result "1-0"]
[WhiteCountry "USA"]
[BlackCountry "SCO"]
[WhiteElo "1693"]
[WhiteRD "77"]
[BlackElo "1296"]
[BlackRD "63"]
[GameID "729346"]

1. d4 Nf6 2. Bg5 Ne4 3. h4 Nxg5 4. hxg5 d5 5. Nc3 Bf5 6. Qd2 e6 7. O-O-O Be7 8. f4 c5 9. dxc5 Bxc5 10. Nf3 Nc6
11. Nh4 Bg4 12. g3 Qb6 13. Kb1 g6 14. Na4 Qb4 15. Nxc5 Qxc5 16. Bg2 Rc8 17. Rc1 O-O 18. Bf3 Bxf3 19. Nxf3 Nb4 20. a3 Nc6
21. e3 Rfd8 22. Qh2 Qxe3 23. Qxh7+ Kf8 24. Qh8+ Ke7 25. Qf6+ Kd7 26. Qxf7+ Kd6 27. Rcf1 Nd4 28. Nxd4 Qxd4 29. Qxg6 Qb6 30. Rh6 Kc5
31. Qxe6 Qxe6 32. Rxe6 Rg8 33. Rd1 Rcf8 34. b4+ Kc4 35. Kb2
1-0

[Event "December is Latin for Choclate for Breakfast Month"]
[Site "SchemingMind.com"]
[Date "2022.12.17"]
[Round "-"]
[White "malcolm chugg"]
[Black "abuteague"]
[Result "0-1"]
[WhiteCountry "WLS"]
[BlackCountry "USA"]
[WhiteElo "1200"]
[WhiteRD "51"]
[BlackElo "1693"]
[BlackRD "77"]
[GameID "729347"]

1. e3 e5 2. d3 f5 3. Nf3 Nc6 4. d4 exd4 5. exd4 Nf6 6. Bd3 d6 7. c3 Be7 8. h3 O-O 9. Bb5 Bd7 10. a4 a6
11. Bxc6 Bxc6 12. Nbd2 Bxf3 13. Qxf3 c6 14. Qxf5 Nd5 15. Qg4 Bg5 16. Nf3 Bxc1 17. Rxc1 Qe7+ 18. Kf1 Rf4 19. Qg3 Raf8 20. Nd2 Qf7
21. f3 Qf5 22. Rd1 Ne3+ 23. Ke1 Nxd1 24. Kxd1 Qg6 25. Qxg6 hxg6 26. Ne4 d5 27. Nd6 b5 28. Re1 R4f6 29. Nb7 bxa4 30. Na5 Rc8
31. Rf1 Rb8 32. Kc2 Rb5 33. Nxc6 Rxc6 34. Re1 Rcb6 35. Rb1 Kf7 36. g4 Kf6 37. h4 a3 38. b4 a5 39. Kb3 axb4 40. c4 dxc4+
41. Kxc4 a2 42. Ra1 b3
0-1

[Event "December is Latin for Choclate for Breakfast Month"]
[Site "SchemingMind.com"]
[Date "2022.12.14"]
[Round "-"]
[White "abuteague"]
[Black "malcolm chugg"]
[Result "1-0"]
[WhiteCountry "USA"]
[BlackCountry "WLS"]
[WhiteElo "1693"]
[WhiteRD "77"]
[BlackElo "1200"]
[BlackRD "51"]
[GameID "729348"]

1. d4 d5 2. c4 e6 3. Nf3 Be7 4. Bf4 h6 5. e3 Nf6 6. Nc3 Bd6 7. Bxd6 Qxd6 8. Bd3 c6 9. c5 Qe7 10. O-O O-O
11. Qc2 g6 12. Ne5 Nbd7 13. Nxg6 fxg6 14. Bxg6 b6 15. Bd3 bxc5 16. Be2 c4 17. b3 Nb6 18. bxc4 dxc4 19. Ne4 Ba6 20. Nxf6+ Rxf6
21. Rac1 Qb4 22. Bf3 Qd6 23. Be4 Rf7 24. Bf3 c3 25. Rfd1 Qb4 26. Qxc3 Qxc3 27. Rxc3 Rc8 28. Rdc1 Rxf3 29. gxf3 Bb5 30. f4 a5
31. Kg2 Nd5 32. Rc5 a4 33. Rxb5 Rc7 34. Rb8+ Kg7 35. Ra8 Ne7 36. Rxa4 Kg6 37. Rac4 Kf5 38. Kf3 h5 39. Rc5+ Kg6 40. a4 Rc8
41. a5 Rc7 42. Rg5+ Kh6 43. Rcc5 Nf5 44. Ke4 h4 45. Ke5 Ng7 46. Kd6 Rb7 47. Kxc6 Rb2 48. Rg4 Rxf2 49. Rxh4+ Kg6 50. Rg5+ Kf6
51. Rh3 Rc2+ 52. Kb7 Ne8 53. a6 Nc7 54. a7 Ra2 55. Kxc7 Rxa7+ 56. Kb6
1-0

[Event "December is Latin for Choclate for Breakfast Month"]
[Site "SchemingMind.com"]
[Date "2022.12.17"]
[Round "-"]
[White "malcolm chugg"]
[Black "MrTowPath"]
[Result "1-0"]
[WhiteCountry "WLS"]
[BlackCountry "ENG"]
[WhiteElo "1200"]
[WhiteRD "51"]
[BlackElo "1478"]
[BlackRD "132"]
[GameID "729422"]

1. e3 Nf6 2. d3 e6 3. Bd2 d5 4. Nf3 Be7 5. Nc3 O-O 6. Qe2 c5 7. d4 Nc6 8. a3 a6 9. Qd3 c4 10. Qe2 b5
11. Qd1 Qc7 12. Qe2 Bd7 13. O-O-O b4 14. axb4 Nxb4 15. Ne5 a5 16. Be1 Rfb8 17. Nxd7 Qxd7 18. f3
1-0

[Event "December is Latin for Choclate for Breakfast Month"]
[Site "SchemingMind.com"]
[Date "2022.12.17"]
[Round "-"]
[White "MrTowPath"]
[Black "malcolm chugg"]
[Result "0-1"]
[WhiteCountry "ENG"]
[BlackCountry "WLS"]
[WhiteElo "1478"]
[WhiteRD "132"]
[BlackElo "1200"]
[BlackRD "51"]
[GameID "729423"]

1. Nf3 Nf6 2. g3 b6 3. Bg2 Bb7 4. d3 e6 5. e4 Be7 6. O-O Bc5 7. Bg5 h6 8. Be3 Qe7 9. d4 Bb4 10. c3 Bxe4
11. cxb4 Qxb4 12. Qc1 c6 13. Nc3 Bd3 14. Rd1 Bh7 15. Ne5 O-O 16. Qd2 d6 17. Nd3 Bxd3
0-1

[Event "December is Latin for Choclate for Breakfast Month"]
[Site "SchemingMind.com"]
[Date "2022.12.23"]
[Round "-"]
[White "cnile"]
[Black "Megabulles"]
[Result "0-1"]
[WhiteCountry "SCO"]
[BlackCountry "GER"]
[WhiteElo "1274"]
[WhiteRD "78"]
[BlackElo "2243"]
[BlackRD "100"]
[GameID "729472"]

1. d4 d5 2. Nf3 Nf6 3. e3 c5 4. Nbd2 e6 5. c3 Nc6 6. Bd3 b6 7. O-O Bb7 8. Re1 Be7 9. e4 dxe4 10. Nxe4 cxd4
11. Nxd4 Nxd4 12. cxd4 O-O 13. Be3 Nxe4 14. a3 Nf6 15. Rc1 Qd5 16. Bf1 Rac8 17. Qd2 Rfd8 18. f3 h6 19. Red1 Qd7 20. b4 Nd5
21. Bd3 Rxc1 22. Rxc1 Nxe3 23. Qxe3 Bf6
0-1

[Event "December is Latin for Choclate for Breakfast Month"]
[Site "SchemingMind.com"]
[Date "2022.12.22"]
[Round "-"]
[White "Megabulles"]
[Black "cnile"]
[Result "1-0"]
[WhiteCountry "GER"]
[BlackCountry "SCO"]
[WhiteElo "2195"]
[WhiteRD "74"]
[BlackElo "1296"]
[BlackRD "63"]
[GameID "729473"]

1. d4 Nf6 2. Nf3 e6 3. e3 b6 4. Bd3 Bb7 5. Nbd2 c5 6. O-O cxd4 7. exd4 Be7 8. Qe2 d6 9. c3 Nc6 10. Re1 Rc8
11. Nf1 O-O 12. Ng3 Qd7 13. Bg5 h6 14. Bxf6 Bxf6 15. Nh5 Be7 16. Qe4 f5 17. Qxe6+ Qxe6 18. Rxe6 Bg5 19. Rxd6 Be7 20. Rg6 Nd8
21. Rxg7+ Kh8 22. Rxe7 Rc6 23. Rae1 Rg6 24. Re8 Rxe8 25. Rxe8+ Kh7 26. Bxf5
1-0

[Event "December is Latin for Choclate for Breakfast Month"]
[Site "SchemingMind.com"]
[Date "2022.12.20"]
[Round "-"]
[White "malcolm chugg"]
[Black "Megabulles"]
[Result "0-1"]
[WhiteCountry "WLS"]
[BlackCountry "GER"]
[WhiteElo "1176"]
[WhiteRD "50"]
[BlackElo "2176"]
[BlackRD "145"]
[GameID "729474"]

1. e3 d5 2. d4 Nf6 3. h3 Bf5 4. g4 Bg6 5. Bd3 e6 6. Bxg6 hxg6 7. g5 Ne4 8. Nf3 Nxg5 9. e4 Nxe4 10. Be3 Nc6
11. c3 Qf6 12. Nbd2 Nxd2 13. Qxd2 Qxf3 14. Rh2 Bd6 15. Qe2 Qxe2+ 16. Kxe2 Bxh2 17. Rh1 Bd6 18. f4 Kd7 19. h4 Rh5 20. Bf2 Bxf4
21. a4 a5 22. Rh3 g5 23. Rf3 f6 24. Rh3 Rah8 25. Kf3 f5 26. Kg2 e5 27. b3 Rxh4 28. Bxh4 Rxh4 29. Rxh4 gxh4 30. Kh3 g5
31. Kg2 exd4 32. c4 d3 33. Kf2 h3 34. Kg1 d2 35. cxd5 d1=Q+ 36. Kf2 Nd4 37. d6 Qe2+ 38. Kg1 Qg2#
0-1

[Event "December is Latin for Choclate for Breakfast Month"]
[Site "SchemingMind.com"]
[Date "2022.12.20"]
[Round "-"]
[White "Megabulles"]
[Black "malcolm chugg"]
[Result "1-0"]
[WhiteCountry "GER"]
[BlackCountry "WLS"]
[WhiteElo "2176"]
[WhiteRD "145"]
[BlackElo "1176"]
[BlackRD "50"]
[GameID "729475"]

1. d4 d5 2. Nf3 Bg4 3. e3 f6 4. c4 c6 5. Nc3 e5 6. dxe5 fxe5 7. cxd5 Nf6 8. Qb3 b6 9. Nxe5 Qd6 10. Nxg4 Nxg4
11. Be2 Nh6 12. O-O Qe5 13. dxc6 Nxc6 14. Bb5 Qc7 15. Qe6+ Be7 16. Qxc6+ Qxc6 17. Bxc6+ Kf7 18. Bxa8 Rxa8 19. e4 Ng8 20. Rd1 g6
21. Be3 Nf6 22. Bg5 Rd8 23. Rxd8 Bxd8 24. Rd1 Bc7 25. Bxf6 Kxf6 26. Nd5+ Ke5 27. Nxc7 Kxe4 28. Kf1 Kf5 29. Ke2 h5 30. h4 a5
31. Kf3 Kf6 32. Kf4 Ke7 33. Kg5 Kf7 34. Rd7+ Kf8 35. Kxg6 a4 36. Rf7+ Kg8 37. Ne6 b5 38. Rf8#
1-0

[Event "December is Latin for Choclate for Breakfast Month"]
[Site "SchemingMind.com"]
[Date "2022.12.20"]
[Round "-"]
[White "abuteague"]
[Black "Megabulles"]
[Result "0-1"]
[WhiteCountry "USA"]
[BlackCountry "GER"]
[WhiteElo "1650"]
[WhiteRD "79"]
[BlackElo "2176"]
[BlackRD "145"]
[GameID "729476"]

1. d4 d5 2. c4 c6 3. Bf4 dxc4 4. e3 b5 5. b3 cxb3 6. Qxb3 a5 7. Nf3 Nf6 8. Ne5 Nd5 9. e4 a4 10. Qg3 Nxf4
11. Qxf4 Qxd4 12. Bd3 f6 13. Nxc6 Nxc6 14. Bxb5 Qb4+ 15. Nd2 Qxb5 16. O-O-O Rb8
0-1

[Event "December is Latin for Choclate for Breakfast Month"]
[Site "SchemingMind.com"]
[Date "2022.12.20"]
[Round "-"]
[White "Megabulles"]
[Black "abuteague"]
[Result "1-0"]
[WhiteCountry "GER"]
[BlackCountry "USA"]
[WhiteElo "2243"]
[WhiteRD "100"]
[BlackElo "1636"]
[BlackRD "80"]
[GameID "729477"]

1. d4 d6 2. Nf3 Nf6 3. c3 e6 4. Bg5 Be7 5. Nbd2 O-O 6. e3 h6 7. Bh4 d5 8. Bd3 Nbd7 9. Qe2 a6 10. O-O b5
11. b4 Bb7 12. Nb3 Ne4 13. Bxe7 Qxe7 14. Qc2 Nd6 15. Na5 Rab8 16. a4 Nc4 17. axb5 axb5 18. Rfe1 Ndb6 19. h3 c6 20. Ra2 Rfc8
21. Rea1 Nxa5 22. Rxa5 Ra8 23. Ne5 Na4 24. Rxa8 Rxa8 25. f4 f6 26. Bh7+
1-0

[Event "December is Latin for Choclate for Breakfast Month"]
[Site "SchemingMind.com"]
[Date "2022.12.23"]
[Round "-"]
[White "cnile"]
[Black "pawngrabber"]
[Result "0-1"]
[WhiteCountry "SCO"]
[BlackCountry "ENG"]
[WhiteElo "1296"]
[WhiteRD "63"]
[BlackElo "1745"]
[BlackRD "81"]
[GameID "729505"]

1. e4 d6 2. Bc4 Nf6 3. d3 e5 4. Nc3 Be7 5. f4 c6 6. Nf3 Bg4 7. O-O Nbd7 8. b4 O-O 9. a3 exf4 10. Bxf4 Ne5
11. h3 Nxf3+ 12. gxf3 Bxh3 13. Rf2 Be6 14. Bxe6 fxe6 15. Qd2 Nh5 16. Bh2 b5 17. Rg2 Kh8 18. Kh1 Bf6 19. Rd1 Qe7 20. d4 Rad8
21. d5 cxd5 22. exd5 Bxc3 23. Qxc3 Rc8 24. Qe3 e5 25. Rdg1 Rf7 26. c3 Nf4 27. Bxf4 exf4 28. Qxe7 Rxe7 29. Rd2 Rxc3 30. Rg4 Rxf3
0-1

[Event "December is Latin for Choclate for Breakfast Month"]
[Site "SchemingMind.com"]
[Date "2022.12.22"]
[Round "-"]
[White "pawngrabber"]
[Black "cnile"]
[Result "1-0"]
[WhiteCountry "ENG"]
[BlackCountry "SCO"]
[WhiteElo "1809"]
[WhiteRD "94"]
[BlackElo "1274"]
[BlackRD "78"]
[GameID "729506"]

1. d4 Nf6 2. c4 d6 3. Nc3 g6 4. e4 Bg7 5. Nf3 O-O 6. Be2 Nbd7 7. O-O Re8 8. Be3 e5 9. dxe5 dxe5 10. Qc2 Qe7
11. Rad1 Nc5 12. Bg5 h6 13. Nd5 Qd8 14. Nxf6+ Bxf6 15. Rxd8
1-0

[Event "December is Latin for Choclate for Breakfast Month"]
[Site "SchemingMind.com"]
[Date "2022.12.21"]
[Round "-"]
[White "pawngrabber"]
[Black "malcolm chugg"]
[Result "1-0"]
[WhiteCountry "ENG"]
[BlackCountry "WLS"]
[WhiteElo "1770"]
[WhiteRD "174"]
[BlackElo "1176"]
[BlackRD "50"]
[GameID "729507"]

1. d4 d5 2. c4 Bg4 3. Nc3 e6 4. Nf3 Bxf3 5. exf3 Nc6 6. cxd5 exd5 7. Bd3 Be7 8. O-O Nf6 9. a3 O-O 10. Bg5 Re8
11. Rc1 h6 12. Bh4 Nxd4 13. Bg3 Bc5 14. b4 Be7 15. Bb1 Nf5 16. Bxf5 g6 17. Bb1 c6 18. Ne2 g5 19. Nd4 Bd6 20. Bxd6 Qxd6
21. Nf5 Qe6 22. Nxh6+ Kg7 23. Nf5+ Kf8 24. Qd2 Nh7 25. Rfe1 Qd7 26. Qd4 Rxe1+ 27. Rxe1 f6 28. Re7 Qxe7 29. Nxe7 Kxe7 30. Bxh7 Rh8
31. Bf5 Ra8 32. Qc5+ Kf7 33. Qd6 Re8 34. Qd7+ Re7 35. Be6+ Kf8 36. Qd8+ Re8 37. Qxf6#
1-0

[Event "December is Latin for Choclate for Breakfast Month"]
[Site "SchemingMind.com"]
[Date "2022.12.21"]
[Round "-"]
[White "malcolm chugg"]
[Black "pawngrabber"]
[Result "0-1"]
[WhiteCountry "WLS"]
[BlackCountry "ENG"]
[WhiteElo "1176"]
[WhiteRD "50"]
[BlackElo "1770"]
[BlackRD "174"]
[GameID "729508"]

1. e3 e5 2. Bb5 Nf6 3. d3 Bc5 4. Nc3 O-O 5. Bd2 d5 6. f3 c6 7. Ba4 Be6 8. Nge2 Nbd7 9. O-O d4 10. Ne4 dxe3
11. Nxf6+ Nxf6 12. Bc3 Bd4 13. Bb3 Re8 14. Rb1 b5 15. a3 a5 16. Bxe6 Rxe6 17. Kh1 c5 18. f4 Ng4 19. Qe1 Rh6 20. h3 Nf2+
21. Kh2 exf4 22. Nxf4 g5 23. Ne2 Qd6+ 24. Kg1 Nxh3+ 25. gxh3 Rxh3 26. Rf2 exf2+ 27. Qxf2 Qh2+ 28. Kf1 Qxf2#
0-1

[Event "December is Latin for Choclate for Breakfast Month"]
[Site "SchemingMind.com"]
[Date "2022.12.22"]
[Round "-"]
[White "pawngrabber"]
[Black "abuteague"]
[Result "1-0"]
[WhiteCountry "ENG"]
[BlackCountry "USA"]
[WhiteElo "1809"]
[WhiteRD "94"]
[BlackElo "1636"]
[BlackRD "80"]
[GameID "729509"]

1. d4 d6 2. e4 Nf6 3. Nc3 c6 4. Nf3 Qa5 5. Bd3 e5 6. d5 cxd5 7. O-O d4 8. Ne2 Bg4 9. Ng3 Be7 10. h3 Be6
11. Bd2 Qb6 12. b3 O-O 13. c3 dxc3 14. Bxc3 Nc6 15. Rc1 Rac8 16. Qd2 Rfd8 17. Rfd1 d5 18. exd5 Bxd5 19. Qe2 Bxf3 20. Qxf3 Nd4
21. Bxd4 Rxc1 22. Bxb6 Rxd1+ 23. Qxd1 axb6 24. Qc2
1-0

[Event "December is Latin for Choclate for Breakfast Month"]
[Site "SchemingMind.com"]
[Date "2022.12.22"]
[Round "-"]
[White "abuteague"]
[Black "pawngrabber"]
[Result "1/2-1/2"]
[WhiteCountry "USA"]
[BlackCountry "ENG"]
[WhiteElo "1693"]
[WhiteRD "77"]
[BlackElo "1745"]
[BlackRD "81"]
[GameID "729510"]

1. d4 Nf6 2. Bg5 d5 3. Bxf6 exf6 4. e3 Bd6 5. Nf3 O-O 6. g3 Bf5 7. Bg2 Nc6 8. O-O Nb4 9. Na3 c6 10. c3 Na6
11. Nb1 Qd7 12. Nbd2 Bh3 13. c4 Bxg2 14. Kxg2 Nc7 15. c5 Be7 16. a4 Ne6 17. b4 Rfe8 18. Qe2 Ng5 19. Rab1 Nxf3 20. Nxf3 a6
21. Nh4 f5 22. Kg1 Bf6 23. Qf3 g6 24. Ng2 Kg7 25. Nf4 Qe7 26. b5 axb5 27. axb5 Reb8 28. bxc6 bxc6 29. Qe2 Rxb1 30. Rxb1 Qe8
31. Rb6 Qc8 32. Qb2 Bd8 33. Rb3 Bc7 34. Nd3 Rb8 35. Rxb8 Bxb8 36. Kg2 Bc7 37. Qa3 Qb7 38. Qa4 Kf6 39. Nb4 Bb8 40. Qxc6+ Qxc6
41. Nxc6 Bc7 42. Nb4 Ke6 43. h4 h6 44. Kf3 f6 45. Ke2 Ba5 46. Nd3 g5 47. hxg5 fxg5 48. Ne5 Bc7 49. Nd3 h5 50. Kf3 Bb8
51. Kg2 Bc7 52. f4 g4 53. Ne1 Bd8 54. Kf2 h4 55. gxh4 Bxh4+ 56. Kf1 Bxe1 57. Kxe1 Kd7= 58. Ke2 Kc6 59. e4 dxe4 60. Ke3 Kc7
61. d5 Kd7 62. c6+ Kd6 63. Ke2 Kc7=
1/2-1/2

[Event "December is Latin for Choclate for Breakfast Month"]
[Site "SchemingMind.com"]
[Date "2022.12.21"]
[Round "-"]
[White "pawngrabber"]
[Black "Megabulles"]
[Result "0-1"]
[WhiteCountry "ENG"]
[BlackCountry "GER"]
[WhiteElo "1770"]
[WhiteRD "174"]
[BlackElo "2176"]
[BlackRD "145"]
[GameID "729513"]

1. d4 d5 2. c4 c6 3. Nc3 Nf6 4. e3 Bf5 5. Bd3 Bxd3 6. Qxd3 e6 7. c5 b6 8. cxb6 axb6 9. Nf3 Be7 10. O-O O-O
11. Bd2 c5 12. dxc5 bxc5 13. b3 Nc6 14. a3 e5 15. Qe2 Qd7 16. Rfd1 Rfb8 17. Rdb1 e4 18. Ne1 d4 19. exd4 Nxd4 20. Qd1 Rxb3
21. Rxb3 Nxb3 22. Qxb3 Qxd2 23. Rd1 Qf4 24. Qb7 Re8 25. Nd5 Nxd5 26. Rxd5 e3 27. f3 Bh4 28. Qd7 Bf2+ 29. Kh1 Qb8 30. Rd1 g6
31. g3 Re6 32. Kg2 Bxe1 33. Rxe1 Qb2+ 34. Re2 Qxe2+
0-1

[Event "December is Latin for Choclate for Breakfast Month"]
[Site "SchemingMind.com"]
[Date "2022.12.21"]
[Round "-"]
[White "Megabulles"]
[Black "pawngrabber"]
[Result "1-0"]
[WhiteCountry "GER"]
[BlackCountry "ENG"]
[WhiteElo "2176"]
[WhiteRD "145"]
[BlackElo "1770"]
[BlackRD "174"]
[GameID "729514"]

1. d4 Nf6 2. Nf3 g6 3. Bg5 Bg7 4. Nbd2 d5 5. e3 O-O 6. c3 Nbd7 7. Bd3 c5 8. O-O c4 9. Be2 h6 10. Bh4 b5
11. a4 Qb6 12. axb5 Qxb5 13. b3 Qc6 14. bxc4 dxc4 15. Qa4 Qxa4 16. Rxa4 g5 17. Bg3 Nb6 18. Ra3 Be6 19. Rfa1 Nfd5 20. e4 Nxc3
21. Rxc3
1-0

[Event "December is Latin for Choclate for Breakfast Month"]
[Site "SchemingMind.com"]
[Date "2022.12.26"]
[Round "-"]
[White "cnile"]
[Black "Clive Everill"]
[Result "0-1"]
[WhiteCountry "SCO"]
[BlackCountry "CZE"]
[WhiteElo "1296"]
[WhiteRD "63"]
[BlackElo "1708"]
[BlackRD "56"]
[GameID "729526"]

1. e4 Nc6 2. Nf3 f5 3. exf5 d5 4. d4 Bxf5 5. c3 e6 6. Be2 Be7 7. O-O Nf6 8. Bf4 O-O 9. Nbd2 Nh5 10. Be3 Nf6
11. Bf4 Nd7 12. Re1 a6 13. a4 h6 14. Nf1 Bf6 15. b4 Na7 16. Ne3 Bh7 17. Ng4 Be7 18. Nge5 Nf6 19. Qd2 Ne4 20. Qb2 Rxf4
21. Nd3 Rf8 22. Nde5 Bd6 23. Rad1 Nc6 24. c4 Nxb4 25. cxd5 exd5 26. Qb3 Be7 27. Bf1 c6 28. g3 a5 29. Bg2 c5 30. dxc5 Nxc5
0-1

[Event "December is Latin for Choclate for Breakfast Month"]
[Site "SchemingMind.com"]
[Date "2022.12.26"]
[Round "-"]
[White "Clive Everill"]
[Black "cnile"]
[Result "1-0"]
[WhiteCountry "CZE"]
[BlackCountry "SCO"]
[WhiteElo "1708"]
[WhiteRD "56"]
[BlackElo "1296"]
[BlackRD "63"]
[GameID "729527"]

1. e4 e5 2. Nc3 Nf6 3. f4 d5 4. fxe5 Nxe4 5. Qf3 c6 6. Nxe4 dxe4 7. Qxe4 Be7 8. d4 Be6 9. c4 Bb4+ 10. Kf2 Nd7
11. a3 Be7 12. h3 O-O 13. Bd3 Qb6 14. b4 Rad8 15. Qxh7#
1-0

[Event "December is Latin for Choclate for Breakfast Month"]
[Site "SchemingMind.com"]
[Date "2022.12.26"]
[Round "-"]
[White "pawngrabber"]
[Black "Clive Everill"]
[Result "1-0"]
[WhiteCountry "ENG"]
[BlackCountry "CZE"]
[WhiteElo "1809"]
[WhiteRD "94"]
[BlackElo "1684"]
[BlackRD "57"]
[GameID "729528"]

1. d4 f5 2. c4 Nf6 3. Nc3 g6 4. Nf3 Bg7 5. e3 O-O 6. Bd3 d6 7. O-O Nc6 8. e4 fxe4 9. Nxe4 Bg4 10. Be3 e5
11. Nxf6+ Bxf6 12. dxe5 Nxe5 13. Be2 b6 14. h3 Be6 15. Nxe5 Bxe5 16. Bd4 Qf6 17. Bxe5 Qxe5 18. b3 Rae8 19. Qd2 Rf4 20. Rae1 Ref8
21. Bd1 Qf6 22. Qe3 Bc8 23. Bf3 Bxh3 24. Bd5+ Kg7 25. gxh3 Qf5 26. Kg2 h5 27. Re2 h4 28. Rg1 Qg5+ 29. Kh1 Qf6 30. f3 Qf5
31. Qe7+ Kh6 32. Rg4 Qb1+ 33. Kg2 Rxg4+ 34. hxg4 h3+ 35. Kh2 Rf4 36. Qh4+ Kg7 37. Qxh3 Qd3 38. Re8 Rf8 39. Re7+ Kf6 40. Re6+ Kg7
41. Re7+ Kf6 42. Qh4+ g5 43. Re6+ Kf7 44. Qh5+ Kg8 45. Qxg5+ Kh7 46. Re7+ Kh8 47. Qg7#
1-0

[Event "December is Latin for Choclate for Breakfast Month"]
[Site "SchemingMind.com"]
[Date "2022.12.26"]
[Round "-"]
[White "Clive Everill"]
[Black "pawngrabber"]
[Result "1-0"]
[WhiteCountry "CZE"]
[BlackCountry "ENG"]
[WhiteElo "1684"]
[WhiteRD "57"]
[BlackElo "1809"]
[BlackRD "94"]
[GameID "729529"]

1. e4 d6 2. d4 Nf6 3. Nc3 g6 4. f4 Bg7 5. Nf3 c5 6. dxc5 Qa5 7. Bd3 Qxc5 8. Qe2 Bg4 9. Be3 Qa5 10. O-O O-O
11. Qe1 Bxf3 12. Rxf3 Nc6 13. Kh1 Rac8 14. a3 d5 15. e5 d4 16. exf6 Bxf6 17. Ne4 dxe3 18. Nxf6+ exf6 19. Rxe3 Qb6 20. b4 Nd4
21. c4 f5 22. c5 Qf6 23. Rd1 Ne6 24. g3 Rfd8 25. Bc4 Re8 26. Rd7 Rb8 27. Bd5
1-0

[Event "December is Latin for Choclate for Breakfast Month"]
[Site "SchemingMind.com"]
[Date "2022.12.26"]
[Round "-"]
[White "Clive Everill"]
[Black "malcolm chugg"]
[Result "1-0"]
[WhiteCountry "CZE"]
[BlackCountry "WLS"]
[WhiteElo "1684"]
[WhiteRD "57"]
[BlackElo "1194"]
[BlackRD "51"]
[GameID "729530"]

1. e4 c5 2. Nc3 e6 3. Nf3 Be7 4. d4 Qa5 5. Bd2 Qc7 6. d5 Nf6 7. Bc4 Bf8 8. O-O Be7 9. e5 Ng8 10. d6 Bxd6
11. exd6 Qxd6 12. Nb5 Qb6 13. Bf4 Kd8 14. Bc7+ Qxc7 15. Nxc7 Kxc7 16. Ne5 h6 17. Nxf7 Rh7 18. Qd6#
1-0

[Event "December is Latin for Choclate for Breakfast Month"]
[Site "SchemingMind.com"]
[Date "2022.12.26"]
[Round "-"]
[White "malcolm chugg"]
[Black "Clive Everill"]
[Result "0-1"]
[WhiteCountry "WLS"]
[BlackCountry "CZE"]
[WhiteElo "1194"]
[WhiteRD "51"]
[BlackElo "1684"]
[BlackRD "57"]
[GameID "729531"]

1. e3 e5 2. Bb5 c6 3. Bd3 Nf6 4. c4 d5 5. b3 e4 6. Be2 Bb4 7. a3 Be7 8. Bh5 g6 9. Be2 Be6 10. h3 Nbd7
11. b4 dxc4 12. Qc2 b5 13. f3 Bd5 14. Nc3 exf3 15. Bxf3 Bxf3 16. Nxf3 O-O 17. d4 Qc7 18. Bd2 Qg3+ 19. Kd1 Qxg2 20. Re1 Qxf3+
21. Ne2 Ne4 22. Qb1 c3 23. Bc1 Bh4 24. Rg1 Nf2+ 25. Ke1 Nxh3+ 26. Kd1 Nxg1 27. Qd3 Ne5 28. Qc2 Qf1#
0-1

[Event "December is Latin for Choclate for Breakfast Month"]
[Site "SchemingMind.com"]
[Date "2022.12.26"]
[Round "-"]
[White "Clive Everill"]
[Black "abuteague"]
[Result "1-0"]
[WhiteCountry "CZE"]
[BlackCountry "USA"]
[WhiteElo "1708"]
[WhiteRD "56"]
[BlackElo "1693"]
[BlackRD "77"]
[GameID "729532"]

1. e4 d6 2. d4 Nf6 3. Nc3 c6 4. f4 Qa5 5. Bd3 e5 6. Nf3 Bg4 7. Be3 Nbd7 8. O-O Be7 9. h3 Bxf3 10. Qxf3 O-O
11. Ne2 exd4 12. Bxd4 Nc5 13. a3 Nxd3 14. Qxd3 Qc7 15. e5 dxe5 16. Bxe5 Qb6+ 17. Kh1 Rad8 18. Qg3 Rd2 19. Nd4 Rxd4 20. Bxd4 Qxd4
21. c3 Qb6 22. b4 Bd6 23. Rad1 Bb8 24. Qf3 Nd5 25. Rd4 Nxf4 26. g3 Ne6 27. Rh4 Qc7 28. Qh5 h6 29. Rg4 Kh8 30. Rf6 g6
31. Qxh6+ Kg8 32. Rh4 Qxg3 33. Qh8#
1-0